| 000 | 00365nam a2200133Ia 4500 | ||
|---|---|---|---|
| 008 | 220216s9999 xx 000 0 und d | ||
| 100 | _aSaraswathyamma C.K. | ||
| 245 | 4 | _aThe breeding programme of Hevea brasiliensis in India during early 1970s | |
| 260 |
_bRubber Reporter _c1992 |
||
| 300 | _a21-23 | ||
| 650 | _aBreeding | ||
| 700 | _aGeorge P.J. | ||
| 942 | _cBS | ||
| 999 |
_c49001 _d49001 |
||